| 000 | 00857nam a2200313 a 4500 | ||
|---|---|---|---|
| 003 | AR-BaBNM | ||
| 005 | 20251128203331.0 | ||
| 008 | 082120s2002 ||||||||||||||000 | spa|| | ||
| 040 | _cAR-BaBNM | ||
| 100 | 1 | _aAparicio, Francisco de | |
| 245 | 0 | 0 | _aLos aborígenes de América del Norte y América Central |
| 250 | _a3ª ed. | ||
| 260 |
_aBuenos Aires _bJackson _c1947 |
||
| 300 |
_a414 p. _bil. |
||
| 490 | 0 |
_aHistoria de América _vv. 2 |
|
| 504 | _aBibliografía para consultar p. 411-414 | ||
| 650 | 4 | _aABORIGENES AMERICANOS | |
| 650 | 4 | _aMAYAS | |
| 650 | 4 | _aANTROPOLOGIA CULTURAL Y SOCIAL | |
| 650 | 4 | _aETNOGRAFIA | |
| 650 | 4 | _aCULTURAS LATINOAMERICANAS | |
| 650 | 4 | _aAZTECAS | |
| 651 | 4 | _aMéxico | |
| 651 | 4 | _aEspaña | |
| 653 | _aCONQUISTA DE MEXICO | ||
| 800 | 1 |
_aLevene, Ricardo _edirector |
|
| 942 | _cBK | ||
| 998 | _cMariana | ||
| 999 |
_c2943 _d2943 |
||